000 00444nab a2200145Ia 4500
003 ES-SlBCS
005 20210601125231.0
008 140529s1973 xxu||||| |||| 00| 0 eng d
041 _aeng
100 1 _aVeer, Donald Van de
_9155759
245 0 0 _aMarx's View of Justice
_c Donald van de Veer
600 1 _aMarx, Karl-Justicia
_9155760
773 0 _tPhilosophy and Phenomenological Research
_gvol. 33, 1973, págs. 366-385
_wRev1411
942 _cAR
999 _c526955
_d526955